000 00900nmc a2200337 a 4500
003 AR-BaBNM
005 20251128203053.0
008 011101s1986 ||||||||||||||000 | spa||
020 _a950-21-0221-5
040 _cAR-BaBNM
100 1 _aObiols, Guillermo
245 1 0 _aCómo estudiar
_bmetodología del aprendizaje
250 _a2ª ed.
260 _aBuenos Aires
_bPlus Ultra
_c1986
300 _a122 p.
_bdiagr.
490 0 _aBiblioteca pedagógica
504 _aBibliografía: p. 121-122
650 4 _aMETODOS DE ESTUDIO
650 4 _aPROCESO DE APRENDIZAJE
650 4 _aMETODOS DE ENSENANZA
650 4 _aTECNICAS DIDACTICAS
650 4 _aEXAMENES
650 4 _aEXPRESION ORAL
650 4 _aAPTITUD PARA LA LECTURA
650 4 _aHABITO DE LECTURA
650 4 _aRESUMENES
650 4 _aCUESTIONARIOS
653 _aEDUCACION SECUNDARIA
942 _cBK
998 _cSILVI
999 _c1754
_d1754